Elecciones en Ecuador: quiebra de los partidos políticos y presencia del movimiento indígena /
Guardado en:
| Autor principal: | |
|---|---|
| Formato: | Texto |
| Materias: | |
| Etiquetas: |
Agregar Etiqueta
Sin Etiquetas, Sea el primero en etiquetar este registro!
|
MARC
| LEADER | 00000 a a2200000 04500 | ||
|---|---|---|---|
| 001 | 15315 | ||
| 003 | |||
| 040 | |||
| 100 | |a Hidalgo Flor, Francisco | ||
| 245 | |a Elecciones en Ecuador: |b quiebra de los partidos políticos y presencia del movimiento indígena / |c Francisco Hidalgo Flor | ||
| 650 | |a COMPORTAMIENTO POLITICO | ||
| 650 | |a PARTIDOS POLITICOS | ||
| 650 | |a AMERINDIOS | ||
| 650 | |a VOTACION | ||
| 650 | |a ECUATORIANOS | ||
| 650 | |a VOTACION | ||
| 773 | |g número 98 (IV); páginas 87-97 | ||
| 999 | |c 33633 |d 33633 | ||
| 773 | 0 | |0 18728 |9 3039 |a Universidad de Costa Rica |d San José, Costa Rica Editorial UCR 1956- |o 17121 |t Revista de Ciencias Sociales/ |x 04825276 | |
